| 000 | 01293cam a2200409Ma 4500 | ||
|---|---|---|---|
| 001 | 75935 | ||
| 005 | 20230410103909.0 | ||
| 008 | 080407s2008 fr bi 001 0 fre d | ||
| 925 | 0 |
_aacquire _b1 shelf copy _xpolicy default |
|
| 942 |
_2lcc _cbk |
||
| 010 | _a2008444469 | ||
| 035 | _a(OCoLC)ocn276990351 | ||
| 040 |
_aLVB _bfre _cLVB _dBDF |
||
| 020 | _a9782742774203 | ||
| 020 | _a2742774203 | ||
| 029 | 1 |
_aZWZ _b123700337 |
|
| 035 | _a(OCoLC)276990351 | ||
| 043 | _aa-le--- | ||
| 050 | 1 | 4 |
_a421 DS 87.5 _bH622 2008 |
| 082 | 0 | 0 | _a324.256 92 |
| 049 | _aGRAL | ||
| 245 | 0 | 3 |
_aLe Hezbollah : _bétat des lieux / _csous la direction de Sabrina Mervin. |
| 260 |
_aParis : _bSindbad ; _aArles : _bEdteurs associes Actes Sud, _c2008. |
||
| 300 |
_a363 p. ; _c19 cm. |
||
| 440 | 0 | _aL'actuel | |
| 504 | _aIncludes bibliographical references( p. [351]-354.) and indexes | ||
| 610 | 2 | 6 | _aHezbollah (Liban) |
| 650 | 6 |
_aIslamisme _zLiban. |
|
| 651 | 6 |
_aLiban _xPolitique et gouvernement _y1975-1990. |
|
| 651 | 6 |
_aLiban _xPolitique et gouvernement _y1990- |
|
| 610 | 2 | 7 |
_aHezbollah. _2ram |
| 651 | 7 |
_aLiban _xPolitique et gouvernement _y1946-.... _2ram |
|
| 650 | 0 |
_aIslam and politics _zLebanon. |
|
| 700 | 1 | _aMervin, Sabrina. | |
| 923 |
_|d 20080416 _nB00089744 _sFrPJT |
||
| 946 | _aCA | ||
| 999 |
_c28002 _d28002 |
||